Rear window
Saved in:
| Main Author: | |
|---|---|
| Other Authors: | |
| Format: | Book |
| Language: | English |
| Published: |
London :
Nelson,
1991
|
| Series: | Nelson readers
|
| Subjects: | |
| Tags: |
Add Tag
No Tags, Be the first to tag this record!
|
MARC
| LEADER | 00000nam a2200000 i 4500 | ||
|---|---|---|---|
| 001 | 1/53686 | ||
| 008 | 980320s1991 eng d | ||
| 020 | |a 0175570485 | ||
| 035 | |l 10027559 | ||
| 040 | |a GR-MY-UA |b gre |e aacr | ||
| 041 | 0 | |a eng | |
| 082 | 0 | |a 428.64 | |
| 100 | 1 | |a Woolrich, Cornell. | |
| 245 | 1 | 0 | |a Rear window / |c abridged and simplified by Lewis Jones |
| 260 | |a London : |b Nelson, |c 1991 | ||
| 300 | |a 63 p. | ||
| 490 | 1 | |a Nelson readers | |
| 650 | 0 | 0 | |a English language |v Textbooks for foreign speakers. |
| 700 | 1 | |a Jones, Lewis. | |
| 830 | 0 | |a Nelson readers | |
| 852 | |a INST |b CHIOS |e 19980320 |h 428.64 WOO |p 005200009646 |q 005200009646 |t BK |y 0 | ||
| 901 | |a BIBL-1998-1 | ||
| 909 | |a Χ |b 053987 | ||